000 01249cam a2200289 4500
008 090401t1995 xxu||||| |||| 00| 0 eng d
020 _a0854067310
035 _a(Sirsi) u63513
041 _aeng
050 _a333.332
090 _aRICS 1995/110ABCD
110 _aRoyal Institution of Chartered Surveyors
_94900
245 _aValuation of surgery premises used for medical or health services
_ba guidance note
_h[archived]
260 _aLondon
_bRICS
_c1995
300 _a16p.
_bill.
_c30cm.
350 _a12.95
490 _aRICS Guidance Note
520 _aReproduction of "RICS appraisal and valuation manual" (ISBN 0854066993) Guidance Note 10.
520 _aSuperseded by second edition (ISBN 0854069623). Supersedes "Draft February 1995 consultation document : valuation of surgery premises used for medical or health services" (M1686).
650 _aDOCTORS' SURGERIES
650 _aHEALTH CENTRES
650 _aSURGERIES
690 _aPROPERTY-PROPERTY APPRAISAL AND VALUATION
856 _uhttps://www.isurv.com/downloads/file/3017/archive_valuation_of_medical_centres_and_surgery_premises_1st_edition_december_1995%E2%80%93july_2003
_zArchived on isurv (subscription required)
942 _n0
_2ddc
948 _c04/03/1997
999 _c94575
_d94575